| 000 | 01313nam a2200229Ia 4500 | ||
|---|---|---|---|
| 003 | Ost | ||
| 005 | 20260507075645.0 | ||
| 008 | 260507s9999||||xx |||||||||||||| ||und|| | ||
| 040 | _cfsecg | ||
| 041 | _aara | ||
| 082 | _a519.2 | ||
| 100 |
_aغيضان،عبد الحميد محمد ربيع _eمؤلف |
||
| 245 | 0 |
_aنظرية الإحتمالات والتوزيعات الإحتمالية : _bنظرية الاحتمالات و المتغيرات العشوائية و دوال توزيعاتها الاحتمالية / _cعبد الحميد محمد ربيع غيضان |
|
| 260 |
_aالقاهرة: _bدار الكتب الأكاديمية, _c2004 |
||
| 300 |
_a788 صفحة؛ _bإيضاحات ؛ _c25 سم |
||
| 504 | _aالمراجع ص.779 | ||
| 520 | _aنظرية الاحتمالات ، المتغيرات العشوائية و دوال التوزيع الاحتمالي ، مقاييس النزعة المركزية (معالم الموضع) و التشتت و العزوم ، الانحدار و الارتباط و الاقتران ، الدوال المميزة ، توزيعات دوال في متغيرات عشوائية و تحويل المتغيرات . | ||
| 653 | _aالإحتمالات | ||
| 653 | _aالإحصاء الرياضي | ||
| 653 | _aالرياضيات | ||
| 942 | _cكتاب | ||
| 999 |
_c45471 _d45471 |
||